000 01102naa a2200265 c 4500
001 48083
003 ES-MaCES
005 20160905121525.0
008 160905s2016 sp ||||| t||||||| ||spa d
040 _aES-MaCES
_bspa
_cES-MaCES
_dES-MaCES
100 1 _937229
_aEwing, Keith
245 1 3 _aLa Unión Europea, los Estados Unidos de América y la Asociación Transatlántica para el comercio y la inversión (TTIP)
_b: la negociación colectiva y la emergente «ley transnacional de relaciones laborales
_cKeith Ewing
500 _aResumen
650 4 _927958
_acomercio internacional
650 4 _927963
_aconvenio comercial
650 4 _928005
_alibre comercio
650 4 _928369
_arelaciones laborales
650 4 _928362
_anegociación colectiva
650 4 _928373
_aEstados Unidos
650 4 _926752
_aUE
653 1 0 _aRelaciones laborales-Empleo
773 0 _984857
_dLas Rozas, Madrid Wolters Kluwer España 2015-
_o087755
_tTrabajo y derecho
_w(ES-MaCES)45892
_gn. 18 (jun. 2016) {55/1129 R. 087755} ;p. 18-25
902 _aART Artículo de revista
942 _2CES
_cAR
_h2.0.
999 _c48083
_d48083